| 000 | 00411nam a2200133 4500 | ||
|---|---|---|---|
| 008 | 151209b xxu||||| |||| 00| 0 eng d | ||
| 020 | _a1594864942 | ||
| 050 | _aSPE R 733 .D85 2006 | ||
| 245 | _aThe Duke encyclopedia of new medicine. | ||
| 260 |
_aUSA; _bRodale, _c2006. |
||
| 300 |
_a640 p. : ill. _bIncludes index. _c26cm |
||
| 650 | _aMedicine. | ||
| 942 |
_2lcc _cBOOKS _hSPE R 733 .D85 2006 |
||
| 999 |
_c10829 _d10829 |
||